000 02662nam a2200265 4500
001 0000076132
005 20250329165510.0
008 190415s2019 000 0 eng d
040 _aCO-CtgCURN
_bspa
_ccoctgcurn
082 0 _aTSO 2019
_bC419
100 1 _aCervantes Llerena, Rina Marcela.
245 1 0 _aActitud de los estudiantes de la Facultad de Ciencias Sociales y Humanas hacia la inclusión social de personas con discapacidad en la Corporación Universitaria Rafael Núñez (CURN), durante el periodo 2018-2019. /
_cRina Marcela Cervantes Llerena; Emily Meza Guerrero; Natalia Julio Marimón; Ana María Pala Assia; Investigador: Rocío M. González Navarro.
260 _aCartagena de Indias :
_bCorporación Universitaria Rafael Nuñez,
_c2019.
300 _a67 hojas.
504 _aTrabajo de grado (Trabajo social). Corporación Universitaria Rafael Nuñez. Facultad de Ciencias sociales y humanas. Trabajo social, 2019.
520 _aEl presente proyecto de investigación pretende describir y analizar las actitudes de los estudiantes de la Facultad de Ciencias Sociales y Humanas, sobre la inclusión social de las personas con discapacidad en la Corporación Universitaria Rafael Núñez (CURN), tomando como punto de partida los antecedentes que tiene este tema en particular, se tomarn los espacios académicos para la aplicación del instrumento, con el cual se estará trabajando en esta investigación. En nuestro país, Colombia actualmente se encuentran unos lineamientos desde el ministerio de educación superior lo cual busca en primera instancia que se reconozcan y que se les otorgue a estas personas en situación de discapacidad el acceso a una educación digna y de calidad en las universidades del país, así mismo teniendo en cuenta la inclusión en estos contextos no se puede dejar de lado ninguna otra persona, ya sea por etnia, estrato social, raza, sexo, género, entre otros. Todo esto con el fin de cumplir con la educación como un derecho de todo y para todos los que quieran acceder a esta y se encuentra contemplada en nuestra carta magna la constitución política de Colombia.
650 0 _aTrabajo social
_vTesis y disertaciones academicas.
700 1 _aMeza Guerrero, Emily.
700 1 _aJulio Marimón, Natalia.
700 1 _aPala Assia, Ana Maria.
700 1 _aGonzalez Navarro, Rocio M,
_einvestigadora.
856 _uhttps://unicurn.sharepoint.com/:b:/s/biblioteca/EeSCRhVsi5dOq954r0ivKToBZn005wHZZ374WcjHqjZyhQ?e=JmRzIf
_zClick aqui para ver el recurso en texto completo
942 _2ddc
_cTG
_hTSO 2019
_iC419
999 _c6010
_d6010